000
00292nam a22001337a 4500
008
170620b xxu||||| |||| 00| 0 eng d
020
_a
9780070578142
041
_a
eng
080
_2
2ND
_a
94
100
_a
16
101
_a
SHH
245
_a
WORLD CIVILIZATIONS
_c
SHERMAN,D
942
_2
udc
_c
BK
999
_c
18256
_d
18256